| 000 | 00485 a2200169 4500 | ||
|---|---|---|---|
| 003 | OSt | ||
| 005 | 20231106132246.0 | ||
| 008 | 231106b |||||||| |||| 00| 0 eng d | ||
| 040 | _coclc | ||
| 082 |
_a320 _bVAD/M |
||
| 100 |
_aVadakara, M C _99836 |
||
| 245 |
_aMuslim League Nilapadukalude neethisasthram / _cM C Vadakara |
||
| 250 | _a5th ed. | ||
| 260 |
_aKozhikode: _bVachanam Books, _c2023. |
||
| 300 | _a191 p | ||
| 942 |
_2ddc _cBK _h320 _iVAD/M _k320 _mVAD/M |
||
| 999 |
_c42816 _d42816 |
||